000 00451nam a2200133 a 4500
008 080109s1970 ||||||||||||||||| || u
050 _aQ 335 Geo
100 _aGeorge, F. H
245 1 0 _aModels of thinking
260 _aLondon
_bAllen & Unwin
_c1970
300 _a166p. : ill.
350 _a0.00
995 _D0.00
_FCBU-MAIN LIBRARY (Kitwe)
_H1
_I2.50
_M1
_UAVAILABLE
_ZAnnex Low-Usage Collection
999 _c51397
_d51397